Maat joiden pääkaupunki ei ole suurin kaupunki - Statistics

Yleistilastot
  • Tätä visaa on pelattu 38 kertaa
  • Keskiarvotulos 16 / 37
Vastaustilastot
Vastaus % Oikein
Australia
96%
Yhdysvallat
92%
Kanada
88%
Brasilia
85%
Kiina
81%
Etelä-Afrikka
77%
Uusi-Seelanti
77%
Turkki
73%
Sveitsi
69%
Marokko
65%
Vietnam
65%
Intia
58%
Nigeria
58%
Kazakstan
54%
Pakistan
54%
Bolivia
50%
Israel
50%
Myanmar
50%
Tansania
42%
Yhdistyneet arabiemiraatit
31%
Ecuador
23%
Liechtenstein
23%
Benin
19%
Norsunluurannikko
19%
Sri Lanka
19%
Burundi
15%
Filippiinit
15%
Malta
15%
Mikronesia
15%
Palau
15%
Belize
12%
Gambia
12%
San Marino
12%
Kamerun
8%
Päiväntasaajan Guinea
8%
Taiwan
8%
Trinidad ja Tobago
4%
Ehtoja vastaavia visoja ei löytynyt
Tulosjakauma
Jokaisen tuloksen saaneiden osuus
Persentiili vastausten määrän mukaan
Tuloshistoriasi
Et ole pelannut tätä visaa